00391nam a22001457a 450000500170000000800410001702200130005804100130007108200130008410000130009724500350011026000480014530000260019365000260021920240416092329.0240416b |||||||| |||| 00| 0 eng d a02582503 aEnglish  a349 SOU  lEnglish  aThe South African Law Journal  aCape Town : bJuta and Company Ltd, c2013  b215 pages ; c25 cm.  aLegal practice bLaw